LEADER 01251nam a2200253 i 4500 001 000000184434 003 CaOOAMICUS 005 20100108000000.0 008 100108s1968 sp u000 u spa u 013 $a162414 040 $aSeMil$bita 245 10$aSan Benito :$bsu vida y su regla /$cDirección e introducciones del padre dom García M. Colombás, monje de Montserrat ; versiones del padre dom Leon M. Sansegundo, monje de Montserrat ; comentarios y notas del padre dom Odilon M. Cunill, prior del paular. 250 $aSegunda edicion. 260 $aMadrid :$bBiblioteca de autores cristianos,$c1968. 300 $aXX, 789 p. ;$c20 cm. 490 0 $aBiblioteca de autores cristianos 700 1 $aColombás, García M.$0(OLS)http://semarc/name/4037 700 1 $aCunill, Odilon M.$0(OLS)http://semarc/name/67761 700 1 $aSansegundo, Leon M.$0(OLS)http://semarc/name/67760 830 0$aBiblioteca de autores cristianos.$0(OLS)http://semarc/title/428 850 $aSeMil 852 $aSeMil$W1$xVenegono$y1$m2S V 48$j135130$B135130$CSeMilBibl$Z2$F146754 $81 996 $6245$aSan Benito :$bsu vida y su regla$9(OLS)http://semarc/title/264725 996 $6260$aMadrid :$bBiblioteca de autores cristianos$9(OLS)http://semarc/publisher/29784 LEADER 01157nam a2200289 i 4500 001 000000113211 003 CaOOAMICUS 005 20050209000000.0 008 050209s1993 it u000 u ita u 013 $a85897 020 $a88-382-3697-6 040 $aSeMil$bita 100 1 $aD'Addio, Mario,$d<1923-2017>.$0(OLS)http://semarc/name/89210 245 13$aIl caso Galilei :$bprocesso, scienza, verità /$cMario D'Addio. 260 $aRoma :$bStudium,$ccopyr. 1993. 300 $a237 p. ;$c19 cm. 490 0 $aNuova universale Studium ;$v70 500 $aFondo Card. C.M. Martini. 650 4$aGalilei, Galileo <1564-1642> - Processo.$0(OLS)http://semarc/subject/8234 830 0$aNuova universale Studium ;$v70.$0(OLS)http://semarc/title/5890 850 $aSeMil 852 $aSeMil$W1$xVenegono$y1$m3X I 128$j68919$B68919$CSeMilBibl$Z2$F93263 $81 941 1 $a4 961 $aOmaggio: Martini Card. Carlo Maria 996 $6020$a88-382-3697-6$9(OLS)http://semarc/number/96078 996 $6245$aIl caso Galilei :$bprocesso, scienza, verità$9(OLS)http://semarc/title/165247 996 $6260$aRoma :$bStudium$9(OLS)http://semarc/publisher/29617